LEADER 01370nam a2200289 4500 001 000000359065 003 CaOOAMICUS 005 20240724140506.0 008 240724s2023 it a 000 u ita r 020 $a979-1-254-69350-6 040 $aSeMil$bita 100 1 $aDey, Hendrik,$d<1976- >.$0(OLS)http://semarc/name/120027 240 14$aThe making of medieval Rome :$ba new profile of the city, 400-1420.$0(OLS)http://semarc/title/449485 245 10$aRoma nel Medioevo :$bun nuovo profilo della città : 400-1420 /$cHendrik Dey ; traduzione e cura di Serena Romano. 264 1$aRoma :$bViella,$c2023. 300 $a447 p. :$bill. ;$c24 cm 490 1 $aLa storia. Saggi ;$v11 650 4$aRoma - Storia - Medioevo.$0(OLS)http://semarc/subject/2864 650 4$aRoma - Urbanistica - Sec. 5.-15.$0(OLS)http://semarc/subject/56008 700 1 $aRomano, Serena,$d<1952- >.$0(OLS)http://semarc/name/54173 830 3$aLa storia. Saggi ;$v11.$0(OLS)http://semarc/title/449488 850 $aSeMil 852 $aSeMil$W1$xVenegono$y1$m3T V 277$j249584$B250120$CSeMilBibl$Z2$F250120 $81 996 $6020$a979-1-254-69350-6$9(OLS)http://semarc/number/300814 996 $6245$aRoma nel Medioevo :$bun nuovo profilo della città : 400-1420$9(OLS)http://semarc/title/449487 996 $6264$aRoma :$bViella$9(OLS)http://semarc/publisher/31796 LEADER 01183nas a2200241 i 4500 001 000000161570 003 CaOOAMICUS 005 20070507000000.0 008 070507b2007 it uu u0 0ita r 013 $a138933 040 $aSeMil$bita 245 10$a«Ciò che è bene per la famiglia è bene per il paese» :$bPiù Famiglia, Roma, 12 maggio 2007. 260 $aMilano :$bNuova Editoriale Italiana,$c2007. 300 $a58 p. :$bill. ;$c26 cm. 500 $aTitolo dalla copertina. - Allegato in coda all'Anno 40. [3]. 700 1 $aFamily Day «Più Famiglia. Ciò che è bene per la famiglia è bene per il paese» <2007 ; Roma>.$0(OLS)http://semarc/name/42675 773 0 $tAvvenire.$dMilano : [s.n.], 1968.$w()1958 773 0 $tNOI.$dMilano : Nuova Editoriale Italiana, 1997-2015.$x1120-6020$w()2891 850 $aSeMil 852 $aSeMil$W1$xVenegono$y1$m$j2960$B112957$CSeMilBibl$Z2$F0 $82 961 $aCambio: Scuola Cattolica 996 $6245$a«Ciò che è bene per la famiglia è bene per il paese» :$bPiù Famiglia, Roma, 12 maggio 2007$9(OLS)http://semarc/title/144738 996 $6260$aMilano :$bNuova Editoriale Italiana$9(OLS)http://semarc/publisher/30945